000 00605nam a2200181Ia 4500
005 20250508155452.0
008 008 250505s9999 xx 000 0 eng d
037 _aTextual
040 _aFEDL
_beng
_cFEDL
041 _aeng
_2eng
084 _a370.706, NCE
_qFEDL
245 0 _aAnnual report of the national council of educational research and training 1962-63
260 _aNew Delhi, India
_bThe Publication Unit National Council of Educational Research and Training
_c1964
300 _a88p.
546 _aWeeded out
942 _cTEXL
_h370.706, NCE
999 _c1357120
_d1357120